Tarantula Names - Statistics

General Stats
  • This quiz has been taken 27 times
  • The average score is 8 of 30
Answer Stats
Common Name Scientific Name % Correct
Brazilian Black Grammostola pulchra
71%
Antilles Pink Toe Caribena versicolor
67%
Chilean Rose Hair Grammostola rosea
57%
Arizona Blonde Aphonopelma chalcodes
52%
Green Bottle Blue Chromatopelma cyaneopubescens
52%
Chaco Golden Knee Grammostola pulchripes
43%
Gooty Sapphire Ornamental Poecilotheria metallica
43%
Brazilian White Knee Acanthascurria geniculata
38%
Indian Ornamental Poecilotheria regalis
38%
Orange Baboon Pterinochilus murinus
38%
Guyana Pink Toe Avicularia avicularia
33%
Mexican Flame Knee Brachypelma auratum
33%
Mexican Fire Leg Brachypelma boehmei
33%
Rear Horned Baboon Ceratogyrus darlingi
33%
Socotra Island Blue Baboon Monocentropus balfouri
33%
Salmon Pink Birdeater Lasiodora parahybana
24%
Brazilian Red & White Nhandu chromatus
24%
Costa Rican Zebra Aphonopelma seemanni
19%
Guatemalan Tiger Rump Davus pentaloris
19%
Common Rose Hair Grammostola porteri
19%
Texas Brown Aphonopelma hentzi
10%
Cameroon Red Baboon Hysterocrates gigas
10%
Fringed Ornamental Poecilotheria ornata
10%
Mexican Red Knee Brachypelma harmorii
5%
Thailand Black Cyriopagopus minax
5%
Panama Blonde Psalmopoeus pulcher
5%
Curly Hair Tliltocatl abopilosus
5%
Pink Zebra Beauty Eupalaestrus campestratus
0%
Bahia Grey Birdeater Lasiodora striatipes
0%
Pink Bloom Pamphobeteus sp. Platyomma
0%
No matching quizzes found
Score Distribution
Percent of People with Each Score
Percentile by Number Answered
Your Score History
You have not taken this quiz